000 00455nam a2200193Ia 4500
005 20230805100604.0
008 131103s9999 xx 000 0 und d
020 _a978-0-330-44833-8
040 _aLoreto College
041 _aEnglish
082 _aF
_bFRA
100 _aFrancis,Dick
245 _aUnder orders
_cDick Francis
260 _aLondon
_bPan Books
_c2007
300 _a348p
650 _aEnglish Fiction
850 _aLCLIB
942 _cBK
999 _c18449
_d68928